| 000 | 00859nam a2200253 a 4500 | ||
|---|---|---|---|
| 001 | 000003637 | ||
| 003 | DO-SdBNP | ||
| 005 | 20250211114738.0 | ||
| 007 | ta | ||
| 008 | 090711s2003 dr a r 000 0 spa d | ||
| 020 | _a9993462101 | ||
| 040 |
_aDO-SdBNP _bspa _cBNPHU |
||
| 082 | 4 |
_a306.85 _bR789f _222 |
|
| 100 | 1 |
_aRosario Martínez, Danilo, _d1965- _911162 |
|
| 245 | 1 | 3 |
_aLa familia : _breconstrucción y fortalecimiento. Chistes populares. Recopilación / _cDanilo Rosario Martínezm ; presentación Nicolás Rodríguez Ramírez. |
| 260 |
_aSanto Domingo : _bUniversitaria, _c2003. |
||
| 300 |
_a109 p. : _bil. ; _c21 cm. |
||
| 500 | _aIncluye datos biográficos del autor en la contracubierta. | ||
| 590 | _aInventariado, 2022 / DG | ||
| 650 | 0 |
_aFamilias _9795 |
|
| 700 | 1 |
_aRodríguez Ramírez, Nicolás _911163 |
|
| 910 | _aDG | ||
| 942 |
_2ddc _cLBS1 |
||
| 999 |
_c3460 _d3460 |
||